000
00219 a2200097 4500
001
16315
100
_a
S A E
245
_a
Fatigue Resistance Testing & Forecasting SP-448
260
_a
_b
S A E
_c
090
_c
12488
_d
12488
942
_a
NUST-CAE
_c
M
_c
2767
999
_c
251388
_d
251388